Section 9. International Economic Relations

Vonkajšia konkurencieschopnosť Európskej únie a vybraných krajín. Odhalené kompratívne výhody EÚ-27. Vonkajšia konkurencieschopnosť vybraných krajín EÚ - Rakúsko, Česká republika, Dánsko, Estónsko, Fínsko, Maďarsko, Poľsko, Slovinsko, Slovensko.

Salvato in:
Dettagli Bibliografici
Autore principale: Brinčíková, Zuzana, 1979-
Natura: Capitolo di libro
Lingua:inglese
Soggetti:
Tags: Aggiungi Tag
Nessun Tag, puoi essere il primo ad aggiungerne!!

MARC

LEADER 00000naa$a2200000$$$4500
001 0289839
005 20240502083932.1
041 0 |a eng 
044 |a US 
245 1 0 |a Section 9. International Economic Relations  |c Zuzana Brinčíková 
520 |a Vonkajšia konkurencieschopnosť Európskej únie a vybraných krajín. Odhalené kompratívne výhody EÚ-27. Vonkajšia konkurencieschopnosť vybraných krajín EÚ - Rakúsko, Česká republika, Dánsko, Estónsko, Fínsko, Maďarsko, Poľsko, Slovinsko, Slovensko. 
610 2 0 |a konkurencieschopnosť 
610 2 0 |a Európska únia 
610 2 0 |a výhody komparatívne 
100 1 |a Brinčíková, Zuzana, 1979-